El método documental / (Record no. 1075)

MARC details
000 -LEADER
campo de control de longitud fija 00516nam a22001817a 4500
008 - DATOS DE LONGITUD FIJA--INFORMACIÓN GENERAL
campo de control de longitud fija 161012s2013 ag||||| |||| 00| 0 spa d
020 ## - NÚMERO INTERNACIONAL ESTÁNDAR DEL LIBRO
Número Internacional Estándar del Libro 9789875001725
082 04 - NÚMERO DE LA CLASIFICACIÓN DECIMAL DEWEY
Número de clasificación 801
Número de ítem C421m
100 1# - ENTRADA PRINCIPAL--NOMBRE DE PERSONA
Nombre de persona Cesar, Ana Cristina.
9 (RLIN) 5592
245 13 - MENCIÓN DEL TÍTULO
Título El método documental /
Mención de responsabilidad, etc. Ana Cristina Cesar.
250 ## - MENCION DE EDICION
Mención de edición 1a ed.
260 ## - PUBLICACIÓN, DISTRIBUCIÓN, ETC.
Lugar de publicación, distribución, etc. Buenos Aires, Argentina :
Nombre del editor, distribuidor, etc. Manantial,
Fecha de publicación, distribución, etc. 2013.
300 ## - DESCRIPCIÓN FÍSICA
Extensión 192 p.
653 10 - TÉRMINO DE INDIZACIÓN--NO CONTROLADO
Término no controlado Literatura
653 10 - TÉRMINO DE INDIZACIÓN--NO CONTROLADO
Término no controlado Teoría literaria
653 10 - TÉRMINO DE INDIZACIÓN--NO CONTROLADO
Término no controlado Teoría de la filosofía
653 10 - TÉRMINO DE INDIZACIÓN--NO CONTROLADO
Término no controlado Análisis literario
Holdings
Estatus retirado Estado de pérdida Fuente del sistema de clasificación o colocación Estado de daño No para préstamo Biblioteca de origen Biblioteca actual Ubicación en estantería Fecha de adquisición Total de préstamos Signatura topográfica completa Código de barras Visto por última vez Precio de reemplazo Tipo de ítem Koha
    Clasificación Decimal Dewey     Biblioteca LadoV Biblioteca LadoV   12/10/2016   801 C421m 004230 12/10/2016 12/10/2016 Material 01